000 00779 a2200229 4500
003 UA-OsUOA
005 20260624174121.0
008 260429b un ||||| |||| 00| 0 ukr d
040 _aUA-OsUOA
_bukr
_cUA-OsUOA
_dUA-OsUOA
041 _aukr
041 _aeng
080 _a050
090 _a050
_bН37
245 _aНаше Життя
_nРік LXXIII. Березень. Ч. 3
_cголовний редактор Лідія Слиж
246 _aOur Life
260 _bВидає Союз Українок Америки
_aНью-Йорк
_c2016
300 _a36 c.
650 _2UDC
_a050 Серіальні видання. Періодика
_93723
942 _cMGN
_2udc
955 _a4
999 _c580606
_d580606